000 00554cam a22001932 4500
001 0000001614
005 20151217151822.0
008 070319s xx 000 0 eng d
040 _aKABU
_cKABU
050 0 _aG7
_b.R69M55
100 1 _aMill, Hugh Robert.
_@0000150496
245 1 4 _aThe Record of the Royal Geographical Society 1830-1930 /
260 _aLondon :
_bRGS,
_c1930.
300 _axvi, 288 p.
610 2 0 _aRoyal Geographical Society.
_@0000150497
908 _a070319
950 _@1
999 _c5335
_d5335